<?xml version="1.0" encoding="UTF-8"?><?xml-stylesheet type="text/xsl" href="static/style.xsl"?><OAI-PMH xmlns="http://www.openarchives.org/OAI/2.0/" xmlns:xsi="http://www.w3.org/2001/XMLSchema-instance" xsi:schemaLocation="http://www.openarchives.org/OAI/2.0/ http://www.openarchives.org/OAI/2.0/OAI-PMH.xsd"><responseDate>2026-04-18T03:42:31Z</responseDate><request verb="GetRecord" identifier="oai:www.recercat.cat:2072/412064" metadataPrefix="marc">https://recercat.cat/oai/request</request><GetRecord><record><header><identifier>oai:recercat.cat:2072/412064</identifier><datestamp>2025-04-27T01:31:29Z</datestamp><setSpec>com_2072_98</setSpec><setSpec>col_2072_378192</setSpec></header><metadata><record xmlns="http://www.loc.gov/MARC21/slim" xmlns:dcterms="http://purl.org/dc/terms/" xmlns:xsi="http://www.w3.org/2001/XMLSchema-instance" xmlns:doc="http://www.lyncode.com/xoai" xsi:schemaLocation="http://www.loc.gov/MARC21/slim http://www.loc.gov/standards/marcxml/schema/MARC21slim.xsd">
   <leader>00925njm 22002777a 4500</leader>
   <datafield ind2=" " ind1=" " tag="042">
      <subfield code="a">dc</subfield>
   </datafield>
   <datafield ind2=" " ind1=" " tag="720">
      <subfield code="a">Domingo i Valls, Andreu,</subfield>
      <subfield code="e">author</subfield>
   </datafield>
   <datafield ind2=" " ind1=" " tag="720">
      <subfield code="a">López Falcón, Diana María</subfield>
      <subfield code="e">author</subfield>
   </datafield>
   <datafield ind2=" " ind1=" " tag="720">
      <subfield code="a">Bayona, Jordi</subfield>
      <subfield code="e">author</subfield>
   </datafield>
   <datafield ind2=" " ind1=" " tag="260">
      <subfield code="c">2010</subfield>
   </datafield>
   <datafield ind2=" " ind1=" " tag="520">
      <subfield code="a">La provincia de Barcelona, a 1 de enero de 2008, concentra alrededor del 14% de la población extranjera empadronada en España y cerca de un tercio de las reagrupaciones concedidas en el total del Estado. En este documento se analizan desde una perspectiva demográfi ca las 67.493 solicitudes concedides de reagrupación familiar tramitadas en la Subdelegación del Gobierno de Barcelona en el periodo comprendido entre enero de 2004 y abril de 2008. En este texto se puede ver cómo las estratègies migratorias basadas en los papeles de género diferenciales entre hombre y mujer resultan determinantes para estudiar el perfil de los 34.025 reagrupantes y los 64.665 reagrupados efectives en cada una de las nacionalidades examinadas, dejando clara la complementariedad entre reagrupación familiar y proyecto migra- torio original. Al mismo tiempo se ha podido estudiar el intervalo temporal entre el proceso de concesión de la autorización de reagrupación y la ejecución efectiva de la misma, así como una aproximación a lo que podríamos llamar reagrupación de hecho mediante la comparación de las reagrupaciones efectivas y las altes procedentes del extranjero de las Estadísticas de Variaciones Residenciales (INE) en el periodo de análisis.</subfield>
   </datafield>
   <datafield ind2=" " ind1=" " tag="520">
      <subfield code="a">The Barcelona Province, at 1 January 2008, concentrates around to 14% of the registered foreign population and approximately one third of the granted family reunion Applications of Spain. In this paper, we analyze from a demographic perspective the 67,493 granted family reunion applications that were processed at the Government Sub-Delegation in Barcelona, in the period between January 2004 and April 2008. In our text we demostrate how the different migratory strategies based on gender roles become relevant in order to study the profi le of the 34,025 reunifi cators and the 64,665 effective reunifi cations. This fact clearly shows the complementarity between family reunion and the original migration project. At the same time, we have analyzed the temporary incidence between the application and the effective execution of the family reunifi cation permit. Finally, an approximation of what we might call factual family reunions have been made while comparin the effective reunions and the immigrants coming from abroad data of the Residential Variation Statistic (INE) during the period of analysis.</subfield>
   </datafield>
   <datafield tag="653" ind2=" " ind1=" ">
      <subfield code="a">Demografía</subfield>
   </datafield>
   <datafield tag="653" ind2=" " ind1=" ">
      <subfield code="a">Reagrupación familiar</subfield>
   </datafield>
   <datafield tag="653" ind2=" " ind1=" ">
      <subfield code="a">Población Extranjera</subfield>
   </datafield>
   <datafield tag="653" ind2=" " ind1=" ">
      <subfield code="a">Provincia de Barcelona</subfield>
   </datafield>
   <datafield tag="653" ind2=" " ind1=" ">
      <subfield code="a">Demography</subfield>
   </datafield>
   <datafield tag="653" ind2=" " ind1=" ">
      <subfield code="a">Family Reunion</subfield>
   </datafield>
   <datafield tag="653" ind2=" " ind1=" ">
      <subfield code="a">Foreign Population</subfield>
   </datafield>
   <datafield tag="653" ind2=" " ind1=" ">
      <subfield code="a">Barcelona Province</subfield>
   </datafield>
   <datafield ind2="0" ind1="0" tag="245">
      <subfield code="a">Reagrupación familiar en la provincia de Barcelona, 2004-2008</subfield>
   </datafield>
</record></metadata></record></GetRecord></OAI-PMH>